| 000 | 00923cab a22001935a 4500 | ||
|---|---|---|---|
| 001 | L156893 | ||
| 008 | 120727e2012 xxk 000 0 eng d | ||
| 035 | _a(Sirsi) u156893 | ||
| 041 | 0 | _aeng | |
| 110 | 2 |
_aEuroProperty _91216 |
|
| 245 | 0 | 0 | _aInvestors check into hotels |
| 260 | _c2012 | ||
| 490 | 0 |
_aEuroProperty _v23 July 2012 _v16-17(2) |
|
| 520 | _aHotel investment has come to the fore in recent years. Data from IPD's Pan-European hotel sample note the sector's consistent risk-adjusted returns that beat other sectors' performance. The sample achieved total returns of 6.6% year-on-year in 2011 in euros or 6% in local currencies. The investment performance of hotels has been more stable than most commercial property sectors. Graphics cover UK hotels v UK commercial property, and 2011 hotel returns across Europe. | ||
| 590 | _aKA | ||
| 651 | 4 | _aEurope | |
| 690 |
_aCommercial property _96227 |
||
| 942 | _n0 | ||
| 999 |
_c84190 _d84190 |
||